000 02008nam a2200289 i 4500
001 000028638
003 DO-SdBNP
005 20251113092030.0
007 ta
008 110411s2005 dr ao 000 0 spa d
040 _aDO-SdBNP
_bspa
_cBNPHU
_erda
041 _aspa
082 4 _a378.7293
_bM778b
_222
100 1 _aMontero Morales, Aida E
_eautora
_4aut.
_955592
245 1 0 _aMemorias de una visión hecha realidad (1996-2005) :
_b...más que una biblioteca, un centro de recursos para el aprendizaje y la investigación /
_cAida E. Montero Morales.
264 1 _aSanto Domingo :
_bSecretaría de Estado de Obras Públicas y Comunicaciones,
_bCosmopolitan World,
_bM&T Soluciones Documentales,
_c2005.
300 _axxiv, 152 páginas :
_bilustraciones, fotografías ;
_c25 cm.
336 _atexto
_btxt
_2rdacontent
337 _asin mediación
_bn
_2rdamedia
338 _avolumen
_bnc
_2rdacarrier
500 _aA la cabeza del título Universidad Autónoma de Santo Domingo, Biblioteca Central de la UASD
520 _aNarra la historia de la construcción y desarrollo de la Biblioteca Central de la UASD, también conocida como Biblioteca Pedro Mir. Se enfoca en cómo se materializó la visión de convertirla en un centro de recursos para el aprendizaje y la investigación, más allá de ser simplemente una biblioteca. El libro detalla las diferentes etapas de la construcción, desde la gestión inicial hasta la puesta en funcionamiento del centro. El libro, publicado por la Secretaría de Estado de Obras Públicas y Comunicaciones (SEOPC), describe la evolución de la biblioteca, incluyendo detalles sobre la instalación de pisos, escaleras, sistemas de aire acondicionado, áreas de servicio y otras zonas esenciales para su funcionamiento. La obra también incluye fotografías y planos que ilustran el proceso
590 _aInventariado, 2022/BT
650 0 _aBibliotecas académicas
_zRepública Dominicana
_948382
910 _aValidado. Control de calidad/MAA
942 _2ddc
_cLBS1
999 _c28130
_d28130